1579 1350 1615 1106 1212 1509 1430 1663 1190 1410 1204 1172 1560 1594 1702 1126 2000 1675 1825 1939 1064 1114 1580 1571 1023 1792 1708 1415 1045 1485 1825 1028 1087 1440 1485 1950 1825 1043 1840 1174 1594 1090 1931 1571 1515 1724 1666 1163 1456 1666 1982 1490 1678 1210 1147 1381 1351 1043 1978 1257 1669 1832 1733 1088 1599 1129 1368 1385 1152 1564 1980 1040 1416 1613 1697 1886 1852 1701 1713 1773 1543 1891 1521 1957 1871 1972 1464 1181 1095 1274 1666 1157 1878 1101 1647 1901 1775 1099 1066 BCNSPRNW ULIB Ver.6.0+V

เปลี่ยนเป็นภาษาไทย

Change to English
 แสดงรายละเอียดบรรณานุกรม
  กลับหน้าหลัก

Brief Record : Get Marc (ISO 2709) : E-mail record : QR code < ปิดหน้าต่าง
LEADER : 00000nam 2200000uu 4500
001    13399109836
003     ULIB
008    110303s||||||||th 000 0 tha d
020    9747762846
060 04 WC503.7^bก169ค ล.7 2539
110 1  กระทรวงสาธารณสุข^bกรมสุขภาพจิต
245 00 คู่มือการฝึกอบรมการให้คำปรึกษาเรื่องโรคเอดส์ เล่มที่7 /^cกรมสุขภาพจิต
260    [นนทบุรี] :^bกรมสุขภาพจิต,^c2539
300    39 หน้า
650  7 การให้คำปรึกษา
650  7 โรคเอดส์
945    ^p0^l0^i029166
995    ทศพร
999 ^a ใช้งานได้ทุกระบบ
รายการนี้ยังไม่มีแท็ก
คุณยังไม่ได้ล็อกอิน คุณสามารถมีกิจกรรมร่วมกับเว็บไซต์ได้ แต่ต้องล็อกอินก่อน ::
  ล็อกอิน

รายการสื่อสารสนเทศ

ลำดับที่ ประเภท เลขเรียก/บาร์โค้ด สถานที่ สถานะ
- ไม่พบข้อมูล -

รายการใกล้เคียง
    หัวเรื่อง [การให้คำปรึกษา]
    หัวเรื่อง [โรคเอดส์]

BibComment


ยังไม่เคยถูกคอมเมนท์

คอมเมนท์ทรัพยากรรายการนี้
  คอมเมนท์: คู่มือการฝึกอบรมก..


 Copyright 2026. Bcnsprnw @Library